[Event "CZE-chT1W 2425"]
[Site "Czech Republic"]
[Date "2025.01.19"]
[Round "6.4"]
[White "Liska, Jiri2"]
[Black "Vorisek, Jakub"]
[Result "1/2-1/2"]
[WhiteElo "2267"]
[BlackElo "2142"]
[PlyCount "88"]
[EventDate "2024.10.20"]
[EventType "team-tourn"]
[EventRounds "11"]
[EventCountry "CZE"]
[SourceTitle "CB16_2025"]
[SourceDate "2025.04.16"]
[SourceVersion "1"]
[SourceVersionDate "2025.04.16"]
[SourceQuality "1"]
[WhiteTeam "Turnov Zikuda II"]
[BlackTeam "Vlasim Spartak"]
[WhiteTeamCountry "CZE"]
[BlackTeamCountry "CZE"]

1. e4 e6 2. d4 d5 3. Nd2 a6 4. Ngf3 c5 5. exd5 exd5 6. dxc5 Bxc5 7. Nb3 Bb6 8. Bg5 f6 9. Bf4 Nc6 10. h3 Bf5 11. Be2 Nge7 12. 0-0 0-0 13. c3 Qd7 14. Nfd4 Bg6 15. Bg4 f5 16. Bf3 Bf7 17. Re1 Ng6 18. Qd2 Rae8 19. Nxc6 bxc6 20. Be3 Bxe3 21. Rxe3 Ne5 22. Qd4 Qd6 23. Nc5 f4 24. Rxe5 Rxe5 25. Nd7 Rfe8 26. Nxe5 Rxe5 27. Rd1 c5 28. Qa4 g5 29. Kf1 Kg7 30. Be2 Re7 31. Bf3 h5 32. Qc2 Qd7 33. Qd3 Re5 34. Re1 Rxe1+ 35. Kxe1 g4 36. hxg4 hxg4 37. Be2 Qe6 38. Kd2 d4 39. b3 g3 40. fxg3 Qe3+ 41. Qxe3 fxe3+ 42. Kd3 Bg6+ 43. Kc4 Bf7+ 44. Kd3 Bg6+ 1/2-1/2

[Event "CZE-chT1W 2324"]
[Site "Czech Republic"]
[Date "2024.02.18"]
[Round "8.6"]
[White "Sterba, Karel"]
[Black "Vorisek, Jakub"]
[Result "0-1"]
[WhiteElo "1830"]
[BlackElo "2144"]
[PlyCount "66"]
[EventDate "2023.10.29"]
[EventType "team-tourn"]
[EventRounds "11"]
[EventCountry "CZE"]
[SourceTitle "EXT 2025"]
[Source "ChessBase"]
[SourceDate "2024.10.14"]
[SourceVersion "1"]
[SourceVersionDate "2024.10.14"]
[SourceQuality "1"]
[WhiteTeam "Praha Oaza II"]
[BlackTeam "Vlasim Spartak"]
[WhiteTeamCountry "CZE"]
[BlackTeamCountry "CZE"]

1. e4 e6 2. Qe2 Be7 3. Nf3 d5 4. e5 c5 5. c3 d4 6. d3 Nc6 7. g3 b6 8. Bg2 dxc3 9. bxc3 Ba6 10. c4 Qd7 11. 0-0 Rd8 12. Rd1 Bxc4 13. Ne1 Bd5 14. Nc3 Bxg2 15. Nxg2 f6 16. Qg4 g6 17. Nf4 Nxe5 18. Qxe6 Qxe6 19. Nxe6 Rxd3 20. Bb2 Kf7 21. Nc7 Nh6 22. N3d5 Rxd1+ 23. Rxd1 Rd8 24. Kg2 Bd6 25. Nb5 Bb8 26. Nbc3 Nc4 27. Bc1 Nf5 28. Re1 Be5 29. f4 Bxc3 30. Nxc3 Rd3 31. Ne4 Nfd6 32. Re2 Nxe4 33. Rxe4 Rc3 0-1

[Event "CZE-chT2A 2223"]
[Site "Czech Republic"]
[Date "2023.02.19"]
[Round "9.6"]
[White "Vorisek, Jakub"]
[Black "Turner, Radek"]
[Result "1/2-1/2"]
[WhiteElo "2141"]
[BlackElo "1988"]
[PlyCount "68"]
[EventDate "2022.10.16"]
[EventType "team-tourn"]
[EventRounds "11"]
[EventCountry "CZE"]
[SourceTitle "EXT 2024"]
[Source "ChessBase"]
[SourceDate "2023.10.10"]
[SourceVersion "1"]
[SourceVersionDate "2023.10.10"]
[SourceQuality "1"]
[WhiteTeam "Vlasim"]
[BlackTeam "Line II"]
[WhiteTeamCountry "CZE"]
[BlackTeamCountry "CZE"]

1. e4 e6 2. d4 d5 3. Nc3 Bb4 4. e5 c5 5. Bd2 Ne7 6. Nb5 Bxd2+ 7. Qxd2 0-0 8. f4 cxd4 9. Nf3 Nbc6 10. Bd3 Qa5 11. Qxa5 Nxa5 12. Nbxd4 Nac6 13. Ke2 Nxd4+ 14. Nxd4 Bd7 15. Ke3 f6 16. Rhf1 a6 17. c3 Rac8 18. g4 fxe5 19. fxe5 Rxf1 20. Rxf1 Nc6 21. Nxc6 Rxc6 22. Kd4 Be8 23. b3 g5 24. h4 gxh4 25. Rf6 Kg7 26. g5 b5 27. Rh6 Bg6 28. Bxg6 hxg6 29. Rxh4 a5 30. Kd3 Rc8 31. c4 dxc4+ 32. bxc4 Rc5 33. cxb5 Rxb5 34. Re4 Rd5+ 1/2-1/2

[Event "Tatry op"]
[Site "Tatranske Matliare"]
[Date "2022.06.03"]
[Round "8"]
[White "Vorisek, Jakub"]
[Black "Mrva, Martin"]
[Result "1/2-1/2"]
[WhiteElo "2127"]
[BlackElo "2384"]
[PlyCount "25"]
[EventDate "2022.05.28"]
[EventType "swiss"]
[EventRounds "9"]
[EventCountry "SVK"]
[SourceTitle "EXT 2024"]
[Source "ChessBase"]
[SourceDate "2023.10.10"]
[SourceVersion "1"]
[SourceVersionDate "2023.10.10"]
[SourceQuality "1"]

1. e4 d6 2. d4 a6 3. Nc3 b5 4. Nf3 Bb7 5. Bd3 Nd7 6. 0-0 c5 7. e5 dxe5 8. dxe5 e6 9. Bf4 Ne7 10. Re1 Nd5 11. Nxd5 Bxd5 12. a4 b4 13. Qe2 1/2-1/2

[Event "Tatranska Lomnica Tatry op"]
[Site "Tatranska Lomnica"]
[Date "2021.10.03"]
[Round "3"]
[White "Pribyl, Josef"]
[Black "Vorisek, Jakub"]
[Result "1/2-1/2"]
[WhiteElo "2235"]
[BlackElo "2101"]
[PlyCount "66"]
[EventDate "2021.10.02"]
[EventType "swiss"]
[EventRounds "9"]
[EventCountry "SVK"]
[SourceTitle "EXT 2023"]
[Source "ChessBase"]
[SourceDate "2022.10.05"]
[SourceVersion "1"]
[SourceVersionDate "2022.10.05"]
[SourceQuality "1"]

1. c4 e6 2. Nf3 d5 3. b3 c5 4. Bb2 Nc6 5. g3 Nf6 6. Bg2 Be7 7. 0-0 0-0 8. e3 b6 9. Nc3 Bb7 10. d3 Rc8 11. Qe2 Qc7 12. Rfd1 Rfd8 13. Rac1 Qb8 14. cxd5 Nxd5 15. Nxd5 exd5 16. d4 Nb4 17. Bc3 Ba6 18. Qd2 Nc6 19. Qb2 c4 20. Ne5 b5 21. Nxc6 Rxc6 22. Ba5 Rd7 23. bxc4 Rxc4 24. Bf1 Ra4 25. Qd2 Qb7 26. Bh3 b4 27. Bxd7 Qxd7 28. Rc7 Qd8 29. Qc2 Rxa5 30. Qc6 Bb5 31. Qb7 Ba6 32. Qc6 Bb5 33. Qb7 Ba6 1/2-1/2

[Event "Prague Summer op-A 8th"]
[Site "Prague"]
[Date "2021.08.07"]
[Round "2"]
[White "Petr, Martin"]
[Black "Vorisek, Jakub"]
[Result "1-0"]
[WhiteElo "2503"]
[BlackElo "2151"]
[PlyCount "87"]
[EventDate "2021.08.06"]
[EventType "swiss"]
[EventRounds "9"]
[EventCountry "CZE"]
[SourceTitle "CBM 203 Extra"]
[Source "ChessBase"]
[SourceDate "2021.09.30"]
[SourceVersion "1"]
[SourceVersionDate "2021.09.30"]
[SourceQuality "1"]

1. e4 e6 2. d4 d5 3. e5 c5 4. c3 Nc6 5. Nf3 Bd7 6. Be2 cxd4 7. cxd4 Nge7 8. Na3 Ng6 9. h4 Be7 10. h5 Nh4 11. Nxh4 Bxh4 12. h6 g6 13. Nc2 0-0 14. 0-0 Be7 15. Ne1 f6 16. exf6 Bxf6 17. Nf3 Qb6 18. Be3 Rac8 19. Rb1 a5 20. a3 Ne7 21. b4 Nf5 22. Qd2 axb4 23. Rxb4 Qa7 24. Ra1 Be7 25. Rb3 Nd6 26. Ne5 Ba4 27. Rb2 b5 28. Bg4 Rf6 29. Bg5 Ne4 30. Bxf6 Nxd2 31. Bxe6+ Kf8 32. Bg7+ Ke8 33. Rxd2 Rc7 34. Bxd5 Bxa3 35. Nc6 Qb6 36. Rxa3 Rxc6 37. Bxc6+ Qxc6 38. Ra1 b4 39. d5 Qb5 40. Rda2 Bb3 41. Ra8+ Kd7 42. R1a7+ Kd6 43. Rd8+ Kc5 44. Rc7+ 1-0

[Event "CZE-ch"]
[Site "Plzen"]
[Date "2020.08.31"]
[Round "9"]
[White "Vorisek, Jakub"]
[Black "Nagy, Ladislav1"]
[Result "0-1"]
[WhiteElo "2205"]
[BlackElo "2150"]
[PlyCount "60"]
[EventDate "2020.08.23"]
[EventType "swiss"]
[EventRounds "9"]
[EventCountry "CZE"]
[SourceTitle "CBM 198 Extra"]
[Source "ChessBase"]
[SourceDate "2020.11.30"]
[SourceVersion "1"]
[SourceVersionDate "2020.11.30"]
[SourceQuality "1"]

1. e4 e5 2. Nf3 Nc6 3. Bb5 f5 4. d4 fxe4 5. Nxe5 Nxe5 6. dxe5 c6 7. Bc4 Qa5+ 8. Nc3 Qxe5 9. Bxg8 Rxg8 10. 0-0 d5 11. Kh1 Bd6 12. f4 Qe7 13. Be3 Rf8 14. Qd2 Be6 15. Rad1 Bc5 16. Na4 Bxe3 17. Qxe3 g6 18. c4 Kf7 19. Nc5 Kg8 20. Nxe6 Qxe6 21. cxd5 cxd5 22. Qb3 Rad8 23. Qxb7 e3 24. Rde1 d4 25. Rf3 Rd7 26. Qb5 Qf5 27. Qc4+ Kg7 28. Kg1 Re8 29. h3 d3 30. Qc3+ Qf6 0-1

[Event "CZE-ch"]
[Site "Plzen"]
[Date "2020.08.27"]
[Round "5"]
[White "Vorisek, Jakub"]
[Black "Laurincova, Kristyna"]
[Result "1/2-1/2"]
[WhiteElo "2205"]
[BlackElo "2008"]
[PlyCount "67"]
[EventDate "2020.08.23"]
[EventType "swiss"]
[EventRounds "9"]
[EventCountry "CZE"]
[SourceTitle "CBM 198 Extra"]
[Source "ChessBase"]
[SourceDate "2020.11.30"]
[SourceVersion "1"]
[SourceVersionDate "2020.11.30"]
[SourceQuality "1"]

1. e4 c5 2. Nf3 d6 3. d4 cxd4 4. Nxd4 Nf6 5. Nc3 a6 6. a3 e5 7. Nf5 d5 8. Bg5 d4 9. Bxf6 gxf6 10. Ne2 Bxf5 11. exf5 Qa5+ 12. b4 Qc7 13. Qd2 Nd7 14. Ng3 Bh6 15. Qd3 Rc8 16. Ra2 Nb6 17. Be2 Nd5 18. 0-0 Nc3 19. Rb2 Rg8 20. Bf3 Kf8 21. Re1 b5 22. Ne4 Nxe4 23. Qxe4 Qc3 24. Ra2 Kg7 25. Rb1 Rgd8 26. Be2 Qc6 27. Qxc6 Rxc6 28. Bd3 Bd2 29. g3 Re8 30. f3 Rec8 31. Kf1 Rb8 32. Ke2 Bc3 33. g4 h6 34. h4 1/2-1/2

[Event "CZE-ch"]
[Site "Plzen"]
[Date "2020.08.26"]
[Round "4"]
[White "Hlozek, David"]
[Black "Vorisek, Jakub"]
[Result "1/2-1/2"]
[WhiteElo "2037"]
[BlackElo "2205"]
[PlyCount "62"]
[EventDate "2020.08.23"]
[EventType "swiss"]
[EventRounds "9"]
[EventCountry "CZE"]
[SourceTitle "CBM 198 Extra"]
[Source "ChessBase"]
[SourceDate "2020.11.30"]
[SourceVersion "1"]
[SourceVersionDate "2020.11.30"]
[SourceQuality "1"]

1. d4 Nf6 2. c4 c5 3. d5 b5 4. b3 g6 5. Bb2 Bg7 6. Nd2 bxc4 7. bxc4 0-0 8. Ngf3 d6 9. e4 Qa5 10. e5 Ng4 11. h3 Nxe5 12. Nxe5 dxe5 13. Bd3 f5 14. 0-0 Nd7 15. Nb3 Qc7 16. Re1 Ba6 17. Qc2 e4 18. Bf1 Ne5 19. Rad1 Rfe8 20. Ba3 Nd7 21. Qd2 Be5 22. Kh1 Rad8 23. g4 fxg4 24. Rxe4 Nf6 25. Ree1 Bd6 26. Qe3 Bc8 27. Bxc5 Bxc5 28. Qxc5 Qxc5 29. Nxc5 e5 30. Ne4 Nxe4 31. Rxe4 Bf5 1/2-1/2

[Event "CZE-ch"]
[Site "Plzen"]
[Date "2020.08.24"]
[Round "2"]
[White "Vorisek, Jakub"]
[Black "Joukl, Zdenek"]
[Result "1-0"]
[WhiteElo "2205"]
[BlackElo "2062"]
[PlyCount "99"]
[EventDate "2020.08.23"]
[EventType "swiss"]
[EventRounds "9"]
[EventCountry "CZE"]
[SourceTitle "CBM 198 Extra"]
[Source "ChessBase"]
[SourceDate "2020.11.30"]
[SourceVersion "1"]
[SourceVersionDate "2020.11.30"]
[SourceQuality "1"]

1. e4 d5 2. exd5 Qxd5 3. Nc3 Qd6 4. d4 Nf6 5. Nf3 Bg4 6. Be2 e6 7. 0-0 Be7 8. h3 Bh5 9. Be3 Nc6 10. Nb5 Qd7 11. c4 a6 12. Nc3 Rd8 13. Qb3 Na5 14. Qa4 Qxa4 15. Nxa4 0-0 16. Rac1 Ne4 17. g4 Bg6 18. Ne5 f6 19. Nxg6 hxg6 20. Bf3 Nd6 21. Nc5 Rfe8 22. Nxe6 Rc8 23. b3 Nf7 24. Bd2 Nc6 25. Bxc6 bxc6 26. Rce1 Bf8 27. Ba5 Ne5 28. dxe5 Rxe6 29. f4 Bc5+ 30. Kg2 g5 31. exf6 Rxf6 32. fxg5 Rxf1 33. Rxf1 Re8 34. Re1 Rf8 35. Re2 Bd6 36. g6 c5 37. h4 Rd8 38. Bc3 Bf8 39. Rd2 Re8 40. Kf3 Bd6 41. Rd5 a5 42. Bxa5 Ra8 43. Bc3 Rxa2 44. Be5 Ra6 45. Bxd6 cxd6 46. h5 Kf8 47. Rf5+ Kg8 48. Ke4 Ra1 49. Kd5 Rd1+ 50. Ke6 1-0

[Event "Prague Summer op 7th"]
[Site "Prague"]
[Date "2020.08.15"]
[Round "9"]
[White "Mica, Marek"]
[Black "Vorisek, Jakub"]
[Result "1-0"]
[WhiteElo "2315"]
[BlackElo "2205"]
[PlyCount "53"]
[EventDate "2020.08.08"]
[EventType "swiss"]
[EventRounds "9"]
[EventCountry "CZE"]
[SourceTitle "CBM 197 Extra"]
[Source "ChessBase"]
[SourceDate "2020.09.30"]
[SourceVersion "1"]
[SourceVersionDate "2020.09.30"]
[SourceQuality "1"]

1. d4 Nf6 2. c4 c5 3. d5 b5 4. cxb5 a6 5. bxa6 g6 6. Nc3 Bg7 7. e4 0-0 8. e5 Ne8 9. Nf3 d6 10. exd6 exd6 11. Be2 Qa5 12. Bd2 Bxa6 13. 0-0 Nc7 14. a4 Bxe2 15. Qxe2 Qb6 16. Bf4 Re8 17. Qd2 Nd7 18. Rfe1 Reb8 19. Re2 c4 20. Re4 Nc5 21. Rxc4 Nb3 22. Qd1 Nxa1 23. Qxa1 Bxc3 24. Rxc3 Nxd5 25. Be3 Qxb2 26. Rc8+ Rxc8 27. Qxb2 1-0

[Event "Prague Summer op 7th"]
[Site "Prague"]
[Date "2020.08.09"]
[Round "3"]
[White "Vorisek, Jakub"]
[Black "Roseneck, Jonas"]
[Result "0-1"]
[WhiteElo "2205"]
[BlackElo "2416"]
[PlyCount "112"]
[EventDate "2020.08.08"]
[EventType "swiss"]
[EventRounds "9"]
[EventCountry "CZE"]
[SourceTitle "CBM 197 Extra"]
[Source "ChessBase"]
[SourceDate "2020.09.30"]
[SourceVersion "1"]
[SourceVersionDate "2020.09.30"]
[SourceQuality "1"]

1. e4 c5 2. Nf3 d6 3. d4 cxd4 4. Nxd4 Nf6 5. Nc3 a6 6. a3 e5 7. Nf5 d5 8. Bg5 d4 9. Bxf6 gxf6 10. Ne2 Bxf5 11. exf5 Qa5+ 12. Qd2 Qb6 13. b4 Nc6 14. g3 a5 15. bxa5 Rxa5 16. Bg2 Bb4 17. c3 dxc3 18. Qc2 Rxa3 19. Rxa3 Bxa3 20. 0-0 Bb4 21. Nxc3 Bxc3 22. Qxc3 0-0 23. Qf3 Nd4 24. Qxb7 Qxb7 25. Bxb7 Nxf5 26. Rd1 Nd4 27. g4 Rb8 28. Be4 Kg7 29. Kg2 Rb4 30. Rd2 Rb3 31. f3 Re3 32. Kf2 Rc3 33. h4 h6 34. h5 Ra3 35. Rb2 Ra7 36. Rb6 Ra2+ 37. Ke3 Ra3+ 38. Kf2 Rb3 39. Ra6 Rb2+ 40. Ke3 Ne6 41. Rd6 Nf4 42. Rd2 Ng2+ 43. Kd3 Rxd2+ 44. Kxd2 Kf8 45. Kd3 Ke7 46. Kc4 Kd6 47. Kd3 Nf4+ 48. Ke3 Kc5 49. Bh7 Kd5 50. Bg8 Ke6 51. Bh7 Nd5+ 52. Kd3 Ne7 53. Ke4 Kd6 54. f4 Ke6 55. Kf3 exf4 56. Kxf4 f5 0-1

[Event "CZE-chT1W 1920"]
[Site "Czech Republic"]
[Date "2020.06.13"]
[Round "10.7"]
[White "Vorisek, Jakub"]
[Black "Jandourek, Lukas"]
[Result "1/2-1/2"]
[WhiteElo "2182"]
[BlackElo "2262"]
[PlyCount "41"]
[EventDate "2019.10.20"]
[EventType "team-tourn"]
[EventRounds "11"]
[EventCountry "CZE"]
[SourceTitle "EXT 2021"]
[Source "ChessBase"]
[SourceDate "2020.10.23"]
[SourceVersion "1"]
[SourceVersionDate "2020.10.23"]
[SourceQuality "1"]
[WhiteTeam "Vlasim Spartak"]
[BlackTeam "Neratovice"]
[WhiteTeamCountry "CZE"]
[BlackTeamCountry "CZE"]

1. e4 c6 2. d4 d5 3. exd5 cxd5 4. c4 Nf6 5. Nc3 Nc6 6. Nf3 Bg4 7. cxd5 Nxd5 8. Qb3 Bxf3 9. gxf3 e6 10. Qxb7 Nxd4 11. Bb5+ Nxb5 12. Qc6+ Ke7 13. Qc5+ Qd6 14. Nxd5+ exd5 15. Qxb5 Rb8 16. Qe2+ Kd7 17. 0-0 Qg6+ 18. Kh1 Bd6 19. Qa6 Qh5 20. Qxa7+ Kd8 21. f4 1/2-1/2

[Event "Prague op"]
[Site "Prague"]
[Date "2020.02.18"]
[Round "5"]
[White "Vorisek, Jakub"]
[Black "Kulhanek, Tomas"]
[Result "0-1"]
[WhiteElo "2159"]
[BlackElo "2345"]
[PlyCount "108"]
[EventDate "2020.02.14"]
[EventType "swiss"]
[EventRounds "9"]
[EventCountry "CZE"]
[SourceTitle "CBM 195 Extra"]
[Source "ChessBase"]
[SourceDate "2020.05.31"]
[SourceVersion "1"]
[SourceVersionDate "2020.05.31"]
[SourceQuality "1"]

1. e4 e6 2. d4 d5 3. Nd2 Nf6 4. e5 Nfd7 5. c3 c5 6. Bd3 Nc6 7. Ne2 cxd4 8. cxd4 f6 9. exf6 Nxf6 10. 0-0 Bd6 11. Nf3 Qc7 12. h3 0-0 13. Be3 Bd7 14. Rc1 Rae8 15. Re1 Re7 16. Qc2 Be8 17. Ng5 h6 18. Nh7 Nxh7 19. Bxh7+ Kh8 20. Bg6 Qd7 21. Nc3 Nb4 22. Qb1 Bxg6 23. Qxg6 Rf6 24. Qb1 Qe8 25. a3 Nc6 26. b4 Nb8 27. a4 a6 28. b5 a5 29. Ne2 Rf8 30. Bd2 Qd8 31. Qc2 Nd7 32. Qc3 Ref7 33. f3 Qh4 34. Rf1 e5 35. Qxa5 exd4 36. Be1 Qe7 37. Qd2 Nc5 38. Nxd4 Bf4 39. Qc2 Bxc1 40. Qxc1 Nxa4 41. Bf2 Qd7 42. Qa3 Nb6 43. Qa7 Nc4 44. Re1 Re8 45. Rxe8+ Qxe8 46. Qc5 Ne3 47. b6 Nd1 48. Qxd5 Nxf2 49. Kxf2 Rd7 50. Qc5 Qd8 51. Ne6 Rd2+ 52. Kg1 Rd1+ 53. Kf2 Qd2+ 54. Kg3 Qe1+ 0-1

[Event "Prague op-A 19th"]
[Site "Prague"]
[Date "2020.01.14"]
[Round "6"]
[White "Vorisek, Jakub"]
[Black "Skurniak, Szymon"]
[Result "1-0"]
[WhiteElo "2229"]
[BlackElo "2030"]
[PlyCount "25"]
[EventDate "2020.01.10"]
[EventType "swiss"]
[EventRounds "9"]
[EventCountry "CZE"]
[SourceTitle "CBM 195 Extra"]
[Source "ChessBase"]
[SourceDate "2020.05.31"]
[SourceVersion "1"]
[SourceVersionDate "2020.05.31"]
[SourceQuality "1"]

1. e4 c5 2. Nf3 d6 3. d4 cxd4 4. Nxd4 Nf6 5. Nc3 Nc6 6. Bg5 e6 7. Be2 h6 8. Bh4 Be7 9. 0-0 0-0 10. Kh1 Qb6 11. Nb3 Rd8 12. f4 Nxe4 13. Bxe7 1-0

[Event "CZE-chT1W 1920"]
[Site "Czech Republic"]
[Date "2019.12.08"]
[Round "4.6"]
[White "Vorisek, Jakub"]
[Black "Richtrova, Eliska"]
[Result "1-0"]
[WhiteElo "2182"]
[BlackElo "2213"]
[PlyCount "117"]
[EventDate "2019.10.20"]
[EventType "team-tourn"]
[EventRounds "11"]
[EventCountry "CZE"]
[SourceTitle "CBM 193 Extra"]
[Source "ChessBase"]
[SourceDate "2020.01.31"]
[SourceVersion "1"]
[SourceVersionDate "2020.01.31"]
[SourceQuality "1"]
[WhiteTeam "Vlasim Spartak"]
[BlackTeam "Ceske Budejovice"]
[WhiteTeamCountry "CZE"]
[BlackTeamCountry "CZE"]

1. e4 d6 2. d4 g6 3. Nc3 Bg7 4. Nf3 c6 5. a4 b6 6. Bc4 e6 7. 0-0 Ne7 8. Be3 0-0 9. h3 d5 10. Ba2 Na6 11. Re1 Bb7 12. exd5 exd5 13. Bg5 f6 14. Bf4 Kh8 15. Qd2 Qd7 16. Re2 Rae8 17. Rae1 Ng8 18. Re3 Re7 19. Rxe7 Nxe7 20. Qe2 Ng8 21. Qe6 Bc8 22. Qxd7 Bxd7 23. Nd1 Rd8 24. c3 Bf8 25. b4 Nb8 26. Nb2 Kg7 27. a5 Rc8 28. axb6 axb6 29. Na4 Rd8 30. Nxb6 Na6 31. Bb1 g5 32. Bh2 g4 33. hxg4 Bxg4 34. Bd3 Nxb4 35. cxb4 Bxb4 36. Rb1 Ba5 37. Bc7 Re8 38. Nxd5 Bxc7 39. Nxc7 Re7 40. Na6 Ra7 41. Nc5 Ne7 42. Nd2 h5 43. Rb7 Ra1+ 44. Kh2 Kf8 45. Nde4 Ra2 46. Bc4 Rc2 47. Bb3 Rb2 48. f3 Bc8 49. Rb8 Kg7 50. Nd6 Bf5 51. Rb7 Kf8 52. Nxf5 Nxf5 53. Ne6+ Ke8 54. d5 Ne3 55. dxc6 Rxg2+ 56. Kh1 Rf2 57. c7 Rf1+ 58. Kh2 Rf2+ 59. Kg3 1-0

[Event "EU-ch U16"]
[Site "Bratislava"]
[Date "2019.08.10"]
[Round "9"]
[White "Vorisek, Jakub"]
[Black "Ghachava, Akaki"]
[Result "1-0"]
[WhiteElo "2090"]
[BlackElo "1798"]
[PlyCount "65"]
[EventDate "2019.08.02"]
[EventType "swiss"]
[EventRounds "9"]
[EventCountry "SVK"]
[SourceTitle "CBM 191 Extra"]
[Source "ChessBase"]
[SourceDate "2019.09.30"]
[SourceVersion "1"]
[SourceVersionDate "2019.09.30"]
[SourceQuality "1"]

1. d4 Nf6 2. c4 e6 3. Nf3 b6 4. a3 Bb7 5. Nc3 d5 6. cxd5 Nxd5 7. Qc2 Be7 8. e4 Nxc3 9. bxc3 0-0 10. Bd3 c5 11. 0-0 Qc7 12. Qe2 Qc8 13. Bf4 Ba6 14. a4 Bxd3 15. Qxd3 Rd8 16. Rfd1 Nd7 17. Qe2 Bf6 18. Bd6 Re8 19. e5 Be7 20. Bxe7 Rxe7 21. Qe4 f5 22. Qh4 Re8 23. d5 exd5 24. Rxd5 Nf8 25. Rad1 Qc7 26. Qc4 Kh8 27. Rd6 Qe7 28. h4 Ng6 29. e6 Nf8 30. Ng5 h6 31. Nf7+ Kh7 32. Re1 Nxe6 33. Rexe6 1-0

[Event "EU-ch U16"]
[Site "Bratislava"]
[Date "2019.08.08"]
[Round "7"]
[White "Geher, Koppany"]
[Black "Vorisek, Jakub"]
[Result "1-0"]
[WhiteElo "2279"]
[BlackElo "2090"]
[PlyCount "53"]
[EventDate "2019.08.02"]
[EventType "swiss"]
[EventRounds "9"]
[EventCountry "SVK"]
[SourceTitle "CBM 191 Extra"]
[Source "ChessBase"]
[SourceDate "2019.09.30"]
[SourceVersion "1"]
[SourceVersionDate "2019.09.30"]
[SourceQuality "1"]

1. e4 c5 2. Nf3 Nc6 3. d4 cxd4 4. Nxd4 g6 5. c4 Bg7 6. Nc2 Nf6 7. Nc3 d6 8. Be2 0-0 9. 0-0 Be6 10. f4 Rc8 11. Be3 Qd7 12. Qd2 Rfd8 13. Rae1 Ne8 14. b3 b6 15. Nd4 Nxd4 16. Bxd4 Bg4 17. Bxg4 Qxg4 18. Nd5 Qd7 19. Bxg7 Nxg7 20. f5 Ne8 21. fxg6 hxg6 22. Qg5 Rc7 23. Re3 Rb7 24. Rh3 Ng7 25. Qh6 Nh5 26. Rxh5 gxh5 27. Rf5 1-0